Využitie Markovových reťazcov na meranie finančných rizík
Odhad prechodových matíc pravdepodobností, ktoré predstavujú základ pre modelovanie kreditných rizík úverových nástrojov, pomocou vhodných metód. Dynamika kreditného rizika pomocou kvalitatívnych ratingov a vzťahy medzi migráciou ratingov a makroekonomickým stavom, resp. ekonomickým cyklom krajiny....
Gespeichert in:
| 1. Verfasser: | |
|---|---|
| Format: | Buchkapitel |
| Sprache: | Slowakisch |
| Schlagworte: | |
| Tags: |
Keine Tags, Fügen Sie das erste Tag hinzu!
|
MARC
| LEADER | 00000naa a2200000 4500 | ||
|---|---|---|---|
| 001 | 0226310 | ||
| 005 | 20221019172534.8 | ||
| 041 | 0 | |a slo | |
| 044 | |a SK | ||
| 245 | 1 | 0 | |a Využitie Markovových reťazcov na meranie finančných rizík |c Jozef Jackuliak |
| 520 | |a Odhad prechodových matíc pravdepodobností, ktoré predstavujú základ pre modelovanie kreditných rizík úverových nástrojov, pomocou vhodných metód. Dynamika kreditného rizika pomocou kvalitatívnych ratingov a vzťahy medzi migráciou ratingov a makroekonomickým stavom, resp. ekonomickým cyklom krajiny. Využitie metodiky Markovových reťazcov aplikovanej na agregovaných proporčných dátach. | ||
| 610 | 2 | 0 | |a reťazce Markovove |
| 610 | 2 | 0 | |a riziko finančné |
| 610 | 2 | 0 | |a riziko úverové |
| 610 | 2 | 0 | |a riadenie rizík |
| 610 | 2 | 0 | |a úver |
| 610 | 2 | 0 | |a matice |
| 100 | 1 | |a Jackuliak, Jozef | |